Normal view
MARC view
Entry Personal Name
001 - CONTROL NUMBER
- control field: 8054
003 - CONTROL NUMBER IDENTIFIER
- control field: OSt
005 - DATE AND TIME OF LATEST TRANSACTION
- control field: 20110329143432.0
008 - FIXED-LENGTH DATA ELEMENTS
- fixed length control field: 110329|||a|||||| | ||| d
040 ## - CATALOGING SOURCE
- Original cataloging agency: OSt
- Transcribing agency: OSt
100 ## - HEADING--PERSONAL NAME
- Personal name: Bible League (South Holland, Ill.)
670 ## - SOURCE DATA FOUND
- Source citation: Work cat.: (OSt)40164: Bible League (South Holland, Ill.), Zooz o joowo :, 1996.
